000 00418nam a2200133Ia 4500
008 210430s9999 xx 000 0 und d
020 _a201533766
082 _a621.395 E753P
100 _aWeste, Neil H. E.
_953484
245 _aPrinciples of CMOS VLSI design 2nd :
_cWeste, Neil H. E.
260 _aReading, Mass. :
_bAddison-Wesley Pub. Co.,
_c1993
300 _axxii, 713 p., [16] p. of plates :
942 _cBK
_2ddc
999 _c563501
_d563501